Pavimento en el aeropuerto de Liberia, Guanacaste
Gardado en:
| Autor Principal: | |
|---|---|
| Formato: | Desconocido |
| Publicado: |
[San José, Costa Rica]
1974
|
| Materias: | |
| Etiquetas: |
Engadir etiqueta
Sen Etiquetas, Sexa o primeiro en etiquetar este rexistro!
|
MARC
| LEADER | 00000 a2200000 4500 | ||
|---|---|---|---|
| 003 | 011468 | ||
| 005 | 20221231143821.0 | ||
| 008 | 140114s1974 c a m 000 ||s d | ||
| 040 | |c cru CEDI | ||
| 090 | |a TFG 550 | ||
| 100 | |a Vargas Guillén, Jorge Isaac |9 16688 | ||
| 245 | |a Pavimento en el aeropuerto de Liberia, Guanacaste | ||
| 260 | |c 1974 |a [San José, Costa Rica] | ||
| 300 | |a 69 hojas : cuadros, gráficos ; 28 cm | ||
| 500 | |a Tesis (ingeniero civil)--Universidad de Costa Rica. Facultad de Ingeniería. Departamento de Ingeniería Civil. | ||
| 650 | |x AEROPUERTOS |9 16687 | ||
| 942 | |c TFG | ||
| 999 | |c 12426 |d 12426 | ||
